000 01953cam a2200577 a 4500
001 21437
003 VRT
005 20260302111705.0
008 240318s2016 xo a a 000 j slo
015 _aSNBA2017/01
020 _a9788080619244
_q(viaz.)
035 _a0CE92A58-CCAD-43ED-B172-704AB7195E5A
035 _aurn:nbn:sk:snk-amtirp
035 _aurn:nbn:sk:snk-am00c3a0
039 9 _a202403182205
_bVLOAD
_c202202061447
_dAUTHORITY
_c202202061431
_dAUTHORITY
_c201801241246
_dVLOAD
040 _aPOKPOH
_bslo
_cPOKPOH
_dSNK
_eAACR2
041 0 _aslo
044 _axo
_cSK
072 7 _a821.162.4-3
_xSlovenská próza
_2konspekt
072 7 _a821-93
_xLiteratúra pre deti a mládež (beletria)
_2konspekt
080 _a821.162.4-32
_22011
080 _a82-93-053.2
_22011
100 1 _aŠvenková, Viera,
_d1937-
_4aut
245 1 0 _aAnička má prázdniny
_cViera Švenková ; ilustrovala Anna Gajová
250 _a1. vyd.
260 _aBratislava
_bVydavateľstvo Spolku slovenských spisovateľov
_c2016
300 _a62 s.
_bfareb. ilustr.
_c19 cm
655 7 _aslovenské príbehy
_2SNKPH
655 7 _apublikácie pre deti
_2SNKPH
655 7 _aSlovak stories
_2SNKPHeng
655 7 _aChildren's literature
_2SNKPHeng
700 1 _aGajová, Anna,
_d1964-
_4ill
910 _apokpoh
910 _asllk
910 _apppk
910 _asavuk
910 _asnk
910 _avthk
910 _askpk
910 _ahevk
910 _abjkdg
910 _atotk
942 _2ddc
_cKLDE
_n0
949 _617A1219428
_asnkSD 85858 D1
_bsnk2017/226
_o2667/16
949 _62889317755
_asavukPV 23188
_bsavuk2016/3763
949 _617A1219427
_asnkSD 85858
_bsnk2017/225
_o2667/16
_s6100:20170125
949 _6273K0568826
_asvkpoA 234232
_bsvkpo611827
949 _60174031136
_alesknPRINT
_blesknBD2018/24324
949 _6270001000552294
_asvkbbA 149287
_bsvkbbm 765061
999 _c21437
_d21437